00330 a2200133 450000100060000002000150000608200120002110000180003324500390005125000060009026000530009630000200014950500270016981055 a1590702247 a671 WAL aJohn R Walker aModern Metal Working 9/edhEnglish a9 aTinley ParkbThe goodheart Willcox Companyc2004 a672pbPhotocopy aIE TextbookgAHQ Books